Statistiques concernant Devinez la série ! #3

Cliquez ici pour prendre le quiz!

Statistiques générales

  • Ce quiz a été pris 220 fois
  • Le résultat moyen est 5 sur 10

Statistiques - réponses

Série
Réponse
% Correct
Des gamins qui font du JDR et tabassent des monstresStranger Things
88%
Un diable un tantinet tchatcheurLucifer
76%
Une famille américaine classique à SpringfieldLes Simpsons
73%
Des jeunes renvoyés tester la Terre dans une ambiance post-apocalyptiqueThe 100
66%
L'élite de New York accro à un blog Gossip Girl
51%
Des ados en pleine puberté dans un lycée chelouSex Education
43%
The Voice version streetNouvelle école
32%
Des supers-héros se font remettre en place par un AnglaisThe boys
27%
Les aventures de 4 enfants d'école primaire dans une petite ville du ColoradoSouth Park
14%
Un père de famille en deuil prend les armes (aide : il est véner)The punisher
12%

Distribution des résultats

Percentile par nombre de réponses

% des personnes avec chaque résultat

Votre développement - résultats

Vous n’avez pas pris ce quiz